000 00761nam a2200277 a 4500
999 _c7025
_d7025
001 7025
003 BD- Jhcc
005 20180417090742.0
008 880808s1983 maua b 001 0 eng
020 _a087150765X
035 _a(BD- Jhcc)7025
040 _aDLC
_cDLC
_dm/c
_dBD- Jhcc
041 _aeng
050 0 _aQK711.2
_b.D48 1983
082 _a581.1
_219
_bDEV 1983
100 1 _aDevlin, Robert M.
245 1 0 _aPlant physiology /
_cRobert M. Devlin, Francis H. Witham,
250 _a4th ed. /
260 _aBoston :
_bW. Grant Press,
_cc1983
300 _axiv, 577 p. :
_bill ;
_c25 cm
504 _aIncludes bibliographies and index
650 0 _aPlant physiology
700 1 _aWitham, Francis H.,
_d1936-
942 _2ddc
_cBK